000 00627nam a2200241Ia 4500
003 OSt
005 20220918192324.0
006 a|||||r|||| 00| 0
007 ta
008 220917b |||||||| |||| 00| 0 eng d
024 _a67,914
037 _cTextual
040 _aARTS
_cARTS
_beng
041 _2eng
_aeng
082 _aR3xM60z7, H9
100 _aRussell Bertrand
245 0 _aMysticism and logic and other essays
250 _a2nd
260 _c1949
500 _aPublished previously as philosoophical essays
942 _hR3xM60z7, H9
_cTEXL
_2CC
999 _c194134
_d194134